000 00914nam a2200265 i 4500
003 DO-SdBNP
005 20230807084215.0
006 a||||gr|||| 00| 0
007 ta
008 230804t2022 dr a|||| |||| 00| 0 spa d
020 _a9789945221961
040 _aDO-SdBNP
_bspa
_cBNPHU
_erda
082 4 _222
_bV145a
245 1 0 _aAccionando para una vida plena:
_bguía interactiva. /
_cAna A. Valdés Sánchez; prólogo, Sandra Barbero, Edith Febles
264 4 _aSanto Domingo :
_b[sin editora],
_c2022
300 _a74 páginas :
_bilustraciones ;
_c25 cm.
336 _2rdacontent
_atexto
_btxt
337 _2rdamedia
_asin mediación
_bn
338 _2rdacarrier
_avolumen
_bnc
500 _aIncluye datos biográficos de la autora en la página 13 -14
590 _aInventariado 2023 / MF
700 1 _aBarbecho, Sandra,
_eprólogo
_983875
700 1 _aFebles, Edith,
_eprólogo
_983876
942 _2ddc
_cLBS1
999 _c54320
_d54320